| 000 | 00749nam a22001937a 4500 | ||
|---|---|---|---|
| 005 | 20170207151640.0 | ||
| 010 | _aB-654493 | ||
| 020 |
_c375.00 _a9788193209431 |
||
| 035 | _aB-654493 | ||
| 037 | _bL//RP/K.K. Publications | ||
| 082 | _a510 | ||
| 100 | _aYadav,Rakesh | ||
| 245 |
_aAdvance maths : _bwith detailed solution of each question / _cby Rakesh Yadav |
||
| 260 |
_aNew Delhi _bRakesh Yadav _c(201?) |
||
| 270 |
_a15, Street No.2, Hakikat Nagar, GTB Nagar, _bNew Delhi _e110009 |
||
| 300 |
_a726p. _c27cm(pbk) |
||
| 942 |
_2ddc _cEN _h510 _mYAD |
||
| 999 |
_c137432 _d137432 |
||